[Event "Angers op 1st"]
[Site "Angers"]
[Date "2006.05.08"]
[Round "6"]
[White "Gaudemer, Ivan"]
[Black "Fermen, Guy"]
[Result "0-1"]
[WhiteElo "1490"]
[BlackElo "1390"]
[PlyCount "60"]
[EventDate "2006.05.06"]
[EventType "swiss"]
[EventRounds "6"]
[EventCountry "FRA"]
[SourceTitle "EXT 2007"]
[Source "ChessBase"]
[SourceDate "2006.11.23"]
[SourceVersion "1"]
[SourceVersionDate "2006.11.23"]
[SourceQuality "1"]

1. e4 c5 2. Nc3 e6 3. Bc4 Nc6 4. f4 Nf6 5. e5 Ne4 6. Nxe4 d5 7. Bb5 dxe4 8. d3 Qa5+ 9. Qd2 Qxb5 10. dxe4 Qb4 11. Qxb4 Nxb4 12. Kd1 Be7 13. a3 Nc6 14. Be3 0-0 15. Nf3 Rd8+ 16. Ke2 b6 17. Rhd1 Ba6+ 18. Kf2 Rxd1 19. Rxd1 Rd8 20. Rb1 Bb7 21. Nd2 f6 22. f5 Nxe5 23. fxe6 Ng4+ 24. Kf3 Nxe3 25. Kxe3 Rd6 26. Ra1 Rxe6 27. a4 f5 28. Kf4 g6 29. e5 h6 30. g3 Bg5# 0-1

[Event "Angers op 1st"]
[Site "Angers"]
[Date "2006.05.06"]
[Round "1"]
[White "Bouillet, Patrick"]
[Black "Gaudemer, Ivan"]
[Result "1/2-1/2"]
[WhiteElo "1690"]
[BlackElo "1490"]
[PlyCount "97"]
[EventDate "2006.05.06"]
[EventType "swiss"]
[EventRounds "6"]
[EventCountry "FRA"]
[SourceTitle "EXT 2007"]
[Source "ChessBase"]
[SourceDate "2006.11.23"]
[SourceVersion "1"]
[SourceVersionDate "2006.11.23"]
[SourceQuality "1"]

1. d4 Nf6 2. Bf4 g6 3. Nf3 Bg7 4. h3 d6 5. e3 0-0 6. Nbd2 a6 7. a4 Bf5 8. Be2 c6 9. c3 Nbd7 10. Nh4 Be6 11. Bh2 b5 12. 0-0 Qb6 13. f4 Bd5 14. a5 Qb7 15. Bf3 c5 16. dxc5 Nxc5 17. Bxd5 Qxd5 18. f5 Qd3 19. fxg6 Qxe3+ 20. Kh1 hxg6 21. Re1 Qh6 22. Nhf3 Rfe8 23. Nb3 Nfe4 24. Qc2 f5 25. Nxc5 dxc5 26. Be5 Bxe5 27. Nxe5 c4 28. Nf3 Rad8 29. Nd4 e5 30. Nf3 Rd3 31. Rad1 Rxf3 32. gxf3 Qxh3+ 33. Kg1 Qxf3 34. Qg2 Qxg2+ 35. Kxg2 Kf7 36. Rd7+ Kf6 37. Ra7 Re6 38. Rh1 Kg5 39. Rg1 Nd2 40. Rc7 Nb3 41. Kf3+ Kh6 42. Rc8 Kh7 43. Ra8 e4+ 44. Kf4 e3 45. Kg5 e2 46. Rh1+ Kg7 47. Ra7+ Kg8 48. Ra8+ Kg7 49. Ra7+ 1/2-1/2